|
|
|
|
| LEADER |
00000cam a2200000 a 4500 |
| 001 |
vtls008319620 |
| 003 |
SK-MaSNL |
| 005 |
20260302084717.0 |
| 008 |
251001s1960 xo odbldrp 000 0 slo |
| 015 |
|
|
|a SNBA1960/04-00531
|
| 020 |
|
|
|q (brožované)
|
| 035 |
|
|
|a SK01SNK19600011837
|
| 035 |
|
|
|a urn:nbn:sk:snk-am3igze
|
| 035 |
|
|
|a 1FC1CE8B-5139-4C2E-B95F-1BDACF21EC26
|
| 035 |
|
|
|a urn:nbn:sk:snk-am00edoi
|
| 035 |
|
|
|a SKM000014300
|
| 040 |
|
|
|a SNK
|b slo
|c SNK
|e AACR2
|
| 041 |
1 |
|
|a slo
|h cze
|
| 044 |
|
|
|a xo
|c SK
|
| 080 |
|
|
|a 911.3:33
|2 2011
|
| 080 |
|
|
|a (100)
|2 2011
|
| 080 |
|
|
|a (075.3)
|2 2011
|
| 100 |
1 |
|
|a Střída, Miroslav,
|d 1923-2008
|4 aut
|9 205992
|
| 245 |
1 |
0 |
|a Hospodársky zemepis sveta
|b pokusné učebné texty pre 10. ročník všeobecnovzdelávacích škôl
|c [spracovali] Střída, Čepek, Obermann, Votrubec ; preložil Ján Verešík
|
| 250 |
|
|
|a Tretie vydanie
|
| 260 |
|
|
|a Bratislava
|b Slovenské pedagogické nakladateľstvo
|c 1960
|e Trnava
|f Polygrafické závody
|
| 300 |
|
|
|a 129 strán
|b fotografie, grafy, mapy, tabuľky
|c 21 cm
|
| 366 |
|
|
|e 1300 kusov
|
| 500 |
|
|
|a Pravdepodobne preložené z češtiny
|
| 504 |
|
|
|a Obsahuje poznámky
|
| 650 |
0 |
7 |
|a ekonomická geografia
|2 SNKPH
|9 841
|
| 651 |
|
7 |
|a krajiny sveta
|2 SNKPH
|9 253334
|
| 655 |
|
7 |
|a učebnice stredných škôl
|2 SNKPH
|9 69323
|
| 700 |
1 |
|
|a Verešík, Ján
|4 trl
|9 280141
|
| 852 |
|
|
|a Slovenská národná knižnica
|
| 958 |
|
|
|a EUIPO
|
| 958 |
|
|
|a TL
|
| 958 |
|
|
|a RK
|
| 958 |
|
|
|a UC
|
| 958 |
|
|
|a CZ
|
| 958 |
|
|
|a OP
|
| 958 |
|
|
|a OND
|
| 968 |
|
|
|b ČES
|
| 999 |
|
|
|c 1188930
|d 1190860
|
| 952 |
|
|
|a SNK
|b SNK
|y PREZ
|7 0
|p 17A0845613
|o snkSC 14059
|i snkKSP 588/60
|0 0
|1 0
|4 0
|d 2020-03-13
|f 1
|l 0
|r 2025-07-16 00:00:00
|w 2026-02-24
|